000 00270pam a2200121 a 4500
020 _c
041 _h
082 _a331.88
_bMCC
100 _aMCCARTHY W.E.J.,
245 _aTRADE UNIONS
_hTextual Documents
260 _aENGLAND
_bPENGUIN BOOKS LTD
_c1972
930 _a8426
999 _c127882
_d127882